Black And Yellow - Wiz Khalifa - All Lyrics - Statistics

General Stats
  • This quiz has been taken 14 times
  • The average score is 444 of 656
Answer Stats
Answer % Correct
a
100%
and
100%
And
100%
Black
100%
black
100%
n***a
100%
n****s
100%
Uh,
100%
uh-huh,
100%
uh-huh
100%
Yeah,
100%
yeah,
100%
yellow,
100%
yellow
100%
I
92%
is
92%
is,
92%
it
92%
it,
92%
what
92%
know
83%
my
83%
the
83%
you
83%
You
83%
but
75%
do,
67%
do
67%
'em
67%
'em,
67%
every
67%
in
67%
me
67%
No
67%
Not
67%
on
67%
that
67%
That
67%
that,
67%
"That's
67%
that's
67%
big
58%
can
58%
Everything
58%
everything
58%
ho
58%
love
58%
nothin'!"
58%
nothin'
58%
of
58%
out
58%
see
58%
So
58%
Them
58%
them
58%
When
58%
when
58%
can’t
50%
for
50%
got
50%
Got
50%
Hear
50%
if
50%
I'm
50%
I’m
50%
It’s
50%
it's
50%
Just
50%
just
50%
put
50%
tell
50%
this
50%
This
50%
to
50%
as
42%
car
42%
don't,
42%
down
42%
feel
42%
feel,
42%
from
42%
how
42%
like
42%
lot,
42%
paid
42%
screaming:
42%
she
42%
She
42%
stripe,
42%
top
42%
ain't
33%
all
33%
at
33%
bitches
33%
boy,
33%
call
33%
club,
33%
face
33%
friends
33%
fuck
33%
full
33%
haters
33%
her
33%
hit
33%
Hit
33%
hoes
33%
hoes'
33%
keys,
33%
metal
33%
now
33%
paint
33%
pedal
33%
pulled
33%
push
33%
scared
33%
should
33%
start
33%
talk,
33%
there’s
33%
time
33%
up
33%
up,
33%
want
33%
with
33%
already
25%
back
25%
best
25%
by
25%
‘cause
25%
'cause
25%
clean,
25%
diamonds,
25%
diamonds
25%
drop
25%
engine
25%
faces
25%
freak
25%
get
25%
Get
25%
hearts
25%
inside,
25%
let
25%
level
25%
make
25%
million,
25%
million
25%
off
25%
once,
25%
one
25%
roarin'
25%
schedule
25%
shake
25%
Stay
25%
stuntin'
25%
Super
25%
super
25%
supposed
25%
take
25%
Taylor'd
25%
their
25%
wanna
25%
weed,
25%
whip
25%
another
17%
ballin'
17%
breaking
17%
cats,
17%
close
17%
crowd
17%
floor
17%
fucking
17%
game,
17%
high
17%
jeweler,
17%
lesbian,
17%
look
17%
made
17%
man
17%
many
17%
mean
17%
night,
17%
real
17%
shining
17%
smoke
17%
Soon
17%
though
17%
Throw
17%
town,
17%
trips
17%
watch
17%
week,
17%
‘87,
8%
checking
8%
Clicquot
8%
clouds
8%
Convertible
8%
fly
8%
peeled
8%
pocket
8%
rap
8%
Reppin'
8%
rocking
8%
rocks
8%
sippin'
8%
Suede
8%
unapproachable
8%
underneath
8%
count
0%
stacks
0%
No matching quizzes found
Score Distribution
Percent of People with Each Score
Percentile by Number Answered
Your Score History
You have not taken this quiz